000 00363nam a2200133Ia 4500
005 20260328101503.0
008 260328s9999||||xx |||||||||||||| ||und||
100 _aFernández Per, Aurora
245 0 _aHOCO :
_b density housing Construction & costs /
_cAurora Fernández Per
260 _bA+T
300 _a463 p.
650 _aVIVIENDA MULTIFAMILIAR
942 _cBK
999 _c8979
_d8979